Größte Städte nach Land #8 - Statistiken

Allgemein
  • Dieses Quiz wurde 44 mal gespielt
  • Das Durchschnittsergebnis liegt bei 13 aus 30
Antwortstatistiken
Antwort % Korrekt
Athen
100%
Buenos Aires
100%
Hanoi
100%
Dublin
98%
Kinshasa
83%
La Paz
81%
Ho-Chi-Minh-Stadt
74%
Sucre
74%
Thessaloniki
74%
Cork
62%
Iraklio
48%
Limeric
48%
Córdoba
43%
Rosario
40%
Galway
31%
Santa Cruz de la Sierra
29%
Larisa
24%
Mendoza
24%
Lubumbashi
21%
Waterford
21%
Patras
19%
Đà Nẵng
17%
Kisangani
17%
Cochabamba
14%
Haiphong
12%
Kananga
12%
Mbuji-Mayi
12%
Municipio Oruro
7%
San Miguel de Tucumán
5%
Biên Hòa
2%
Keine übereinstimmenden Quizze gefunden
Verteilung der Resultate
Anzahl Personen mit jedem Resultat
Perzentil nach korrekt beantworteten Fragen
Ihre Resultats-Entwicklung
Sie haben dieses Quiz noch nicht gespielt